[Event "Las Palmas Insular-chT Pref 1617"]
[Site "Las Palmas"]
[Date "2017.02.04"]
[Round "10.4"]
[White "Vega Gutierrez, Belinda Vidina"]
[Black "Diaz Suarez, Cayetano"]
[Result "1-0"]
[WhiteElo "2200"]
[BlackElo "1887"]
[PlyCount "35"]
[EventDate "2016.10.22"]
[EventType "team-tourn"]
[EventRounds "14"]
[EventCountry "ESP"]
[SourceTitle "EXT 2018"]
[Source "ChessBase"]
[SourceDate "2017.10.13"]
[SourceVersion "1"]
[SourceVersionDate "2017.10.13"]
[SourceQuality "1"]
[WhiteTeam "Grandama"]
[BlackTeam "Guia Univac"]
[WhiteTeamCountry "ESP"]
[BlackTeamCountry "ESP"]

1. e4 Nf6 2. e5 Nd5 3. c4 Nb6 4. c5 Nd5 5. Nc3 Nxc3 6. dxc3 b6 7. Qf3 Nc6 8. e6 f6 9. Bf4 a6 10. 0-0-0 g6 11. Bd3 Bb7 12. Be4 Ne5 13. Bxe5 Bxe4 14. Qxe4 fxe5 15. Rxd7 Qb8 16. Qc6 Bh6+ 17. Rd2+ Kf8 18. Qf3+ 1-0

[Event "Las Palmas Insular-chT Pref 1617"]
[Site "Las Palmas"]
[Date "2016.12.17"]
[Round "7.2"]
[White "Vega Gutierrez, Belinda Vidina"]
[Black "Garcia Blanco, Omar"]
[Result "1/2-1/2"]
[WhiteElo "2200"]
[BlackElo "2265"]
[PlyCount "106"]
[EventDate "2016.10.22"]
[EventType "team-tourn"]
[EventRounds "14"]
[EventCountry "ESP"]
[SourceTitle "EXT 2018"]
[Source "ChessBase"]
[SourceDate "2017.10.13"]
[SourceVersion "1"]
[SourceVersionDate "2017.10.13"]
[SourceQuality "1"]
[WhiteTeam "Grandama"]
[BlackTeam "Hotel Avda de Canarias"]
[WhiteTeamCountry "ESP"]
[BlackTeamCountry "ESP"]

1. e4 c5 2. Nf3 e6 3. d4 cxd4 4. Nxd4 Nc6 5. Nc3 Qc7 6. Be3 a6 7. Be2 Nf6 8. 0-0 Be7 9. f4 d6 10. Kh1 0-0 11. Qe1 Nxd4 12. Bxd4 b5 13. a3 Bb7 14. Qg3 Rfe8 15. Rae1 Rad8 16. Bd3 Rd7 17. e5 dxe5 18. Bxe5 Qd8 19. Ne4 g6 20. Nxf6+ Bxf6 21. Bxf6 Qxf6 22. f5 Qd8 23. f6 e5 24. Rxe5 Rxe5 25. Qxe5 Rd6 26. Qf4 Re6 27. h3 Bc6 28. Rf2 a5 29. Kh2 Rd6 30. Be2 Re6 31. Bg4 Rd6 32. Qe5 Rd5 33. Qe3 Rd6 34. Qc3 Bb7 35. Qe5 b4 36. axb4 axb4 37. Qf4 Qb6 38. Kg3 Ba6 39. Qe5 Qd8 40. Kh2 Bb7 41. Qe7 Qb8 42. Kg1 h5 43. Be2 Rd2 44. Bc4 Rd1+ 45. Rf1 Rxf1+ 46. Kxf1 Qf4+ 47. Kg1 Qd4+ 48. Kh2 Qf4+ 49. Kg1 Qd4+ 50. Kh2 Qf4+ 51. Kg1 Qd4+ 52. Kh2 Qf4+ 53. Kg1 Qd4+ 1/2-1/2

[Event "Las Palmas Insular-chT Pref 1617"]
[Site "Las Palmas"]
[Date "2016.11.05"]
[Round "3.3"]
[White "Vega Gutierrez, Belinda Vidina"]
[Black "Marrero Cardenes, Agustin"]
[Result "1/2-1/2"]
[WhiteElo "2200"]
[BlackElo "2030"]
[PlyCount "95"]
[EventDate "2016.10.22"]
[EventType "team-tourn"]
[EventRounds "14"]
[EventCountry "ESP"]
[SourceTitle "EXT 2018"]
[Source "ChessBase"]
[SourceDate "2017.10.13"]
[SourceVersion "1"]
[SourceVersionDate "2017.10.13"]
[SourceQuality "1"]
[WhiteTeam "Grandama"]
[BlackTeam "Guia Univac"]
[WhiteTeamCountry "ESP"]
[BlackTeamCountry "ESP"]

1. e4 c6 2. Nc3 d5 3. d4 dxe4 4. Nxe4 Bf5 5. Ng3 Bg6 6. h4 h6 7. Nf3 Nd7 8. h5 Bh7 9. Bd3 Bxd3 10. Qxd3 Ngf6 11. Bf4 Qa5+ 12. Bd2 Qc7 13. 0-0-0 0-0-0 14. c4 e6 15. Kb1 Bd6 16. Ne4 Nxe4 17. Qxe4 Nf6 18. Qe2 Rhe8 19. Bc3 Qe7 20. Ne5 Nd7 21. a3 Nxe5 22. dxe5 Bc5 23. f4 Rxd1+ 24. Rxd1 Rd8 25. g3 Rxd1+ 26. Qxd1 Qd7 27. Qf3 Qd8 28. Kc2 Bd4 29. b4 Bxc3 30. Kxc3 a5 31. Qd3 axb4+ 32. axb4 Qxd3+ 33. Kxd3 b6 34. g4 Kd8 35. f5 Ke7 36. Ke4 f6 37. Kf4 Kf7 38. exf6 gxf6 39. fxe6+ Kxe6 40. Ke4 Ke7 41. Kf5 Kf7 42. Kf4 Ke7 43. b5 c5 44. Ke3 Kd7 45. Kd3 Kd6 46. Ke4 Ke6 47. Kf4 Ke7 48. Kf5 1/2-1/2